Fundamentals rights and freedoms in Tanzania

Saved in:
Bibliographic Details
Main Author: Peter, Chris Maina
Other Authors: Juma, Ibrahim Hamisi
Format: Book
Published: Dar es Salaam: Mkuki na Nyota Publishers; 1998.
Subjects:
Tags: Add Tag
No Tags, Be the first to tag this record!

MARC

LEADER 00000nam a22000007a 4500
005 20260414133001.0
020 |a 997697342X  |c TZS 7,500/= 
040 |a MCCL  |b eng.  |e AACR 2nd rev. ed. 
082 |a 341.481 FUN 
100 |a Peter, Chris Maina 
245 |a Fundamentals rights and freedoms in Tanzania  |c Chris Maina Peter and Ibrahim Hamisi Juma 
260 |a Dar es Salaam:  |b Mkuki na Nyota Publishers;  |c 1998. 
300 |a xvi, 240 p.:  |b ill.;  |c 23 cm. 
504 |a Selected bibliography 
546 |a eng. 
650 |a Fundamental rights and freedoms in Tanzania 
700 |a Juma, Ibrahim Hamisi 
942 |c BK 
999 |c 12605  |d 12605